| 000 | 00425nam a2200169Ia 4500 | ||
|---|---|---|---|
| 008 | 151213s9999 xx 000 0 und d | ||
| 020 | _a984-809017-7 | ||
| 100 | _aDilip Kumar Sen | ||
| 245 |
_aAn Insight Into Depreciation Accounting _cDilip Kumar Sen |
||
| 250 | _a1st | ||
| 260 |
_aDhaka _bUGC _c2004 |
||
| 300 | _a4416 p. | ||
| 650 | _aAccounting | ||
| 650 | _aAccounting | ||
| 700 | _aDilip Kumar Sen | ||
| 999 |
_c2800 _d2800 |
||